Wszystkie gminy w Polsce na literę C - Statystyki

Ogólne statystyki
  • Ten quiz został rozwiązany 28 razy
  • Średni wynik to 35 z 108
Statystyki odpowiedzi
Województwo Gmina % Poprawnych
śląskie Cieszyn
76%
zachodniopomorskie Cedynia
65%
mazowieckie Ciechanów
65%
zachodniopomorskie Czaplinek
65%
śląskie Częstochowa
65%
pomorskie Człuchów
65%
świętokrzyskie Chęciny
59%
lubelskie Chełm
59%
kujawsko-pomorskie Chełmno
59%
kujawsko-pomorskie Chełmża
59%
podkarpackie Czarna
59%
śląskie Czechowice-Dziedzice
59%
pomorskie Chojnice
53%
śląskie Chorzów
53%
kujawsko-pomorskie Ciechocin
53%
kujawsko-pomorskie Ciechocinek
53%
pomorskie Czersk
53%
śląskie Czerwionka- Leszczyny
53%
podlaskie Ciechanowiec
47%
wielkopolskie Czajków
47%
wielkopolskie Czarnków
47%
śląskie Czeladź
47%
małopolskie Czorsztyn
47%
wielkopolskie Chocz
41%
wielkopolskie Chodzież
41%
podlaskie Choroszcz
41%
zachodniopomorskie Choszczno
41%
lubelskie | małopolskie Chrzanów
41%
pomorskie Czarne
41%
małopolskie Czarny Dunajec
41%
podlaskie Czyże
41%
mazowieckie Cegłów
35%
podkarpackie Chmielnik
35%
dolnośląskie Chocianów
35%
zachodniopomorskie Chojna
35%
dolnośląskie Chojnów
35%
dolnośląskie Ciepłowody
35%
podkarpackie Cieszanów
35%
dolnośląskie Cieszków
35%
podkarpackie Cisna
35%
lubelskie Cyców
35%
po,orskie Czarna Woda
35%
łódzkie Czastary
35%
podlaskie Czeremcha
35%
wielkopolskie Czerniejewo
35%
mazowieckie Czerwin
35%
mazowieckie Czerwonka
35%
mazowieckie Czosnów
35%
podlaskie Czyżew
35%
mazowieckie Celestynów
29%
małopolskie Charsznica
29%
małopolskie Chełmek
29%
zachodniopomorskie Chociwel
29%
pomorskie Choczewo
29%
kujawsko-pomorskie Chodecz
29%
lubelskie Chodel
29%
mazowieckie Ciepielów
29%
lubuskie Cybinka
29%
wielkopolskie Czempiń
29%
podkarpackie | wielkopolskie Czermin
29%
łódzkie Czerniewice
29%
lubuskie Czerwieńsk
29%
mazowieckie Czerwińsk nad Wisłą
29%
wielkopolskie Czerwonak
29%
zachodniopomorskie Człopa
29%
podkarpackie Czudec
29%
pomorskie Cewice
24%
pomorskie Chmielno
24%
mazowieckie Chorzele
24%
kujawsko-pomorskie Chrostkowo
24%
śląskie Chybie
24%
łódzkie | świętokrzyskie Czarnocin
24%
dolnośląskie Czarny Bór
24%
małopolskie Czchów
24%
lubelskie Czemierniki
24%
małopolskie | śląskie Czernichów
24%
pomorskie Cedry Wielkie
18%
kujawsko-pomorskie Cekcyn
18%
mazowieckie Chlewiska
18%
kujawsko-pomorskie Choceń
18%
mazowieckie Chotcza
18%
mazowieckie Chynów
18%
podkarpackie Cmolas
18%
pomorskie Czarna Dąbrówka
18%
małopolskie Chełmiec
12%
śląskie Chełm Śląski
12%
podkarpackie Chłopice
12%
podkarpackie Chorkówka
12%
opolskie Chrząstowice
12%
wielkopolskie Chrzypsko Wielkie
12%
śląskie Ciasna
12%
łódzkie Cielądz
12%
opolskie Cisek
12%
mazowieckie Czarnia
12%
kujawsko-pomorskie Czernikowo
12%
wielkopolskie Ceków-Kolonia
6%
mazowieckie Ceranów
6%
wielkopolskie Chodów
6%
mazowieckie Czernice Borowe
6%
łódzkie Chąśno
0%
świętokrzyskie Chmienik
0%
dolnośląskie Czernica
0%
Nie znaleziono quizów pasujących do podanych kryteriów
Rozkład punktacji
Procent ludzi z każdym wynikiem
Percentyl według liczby udzielonych odpowiedzi
Twoja historia wyników
Nie rozwiązałeś tego quizu